000 00395nam a22001457a 4500
005 20200619150825.0
008 200619b xxu||||| |||| 00| 0 eng d
082 _a345.4 LIC
110 _aALL INDIA REPORTER
_96236
245 _aLABOUR AND INDUSTRIAL CASES [1980] V - 13 NOC 1-80
260 _aMUMBAI
_bALL INDIA REPORTER Pvt Ltd
_c1980
300 _a1393p
650 _aLAW
_95701
942 _cJRL
999 _c7331
_d7329